[Event "Oberliga Ost-B 2122"]
[Site "Germany"]
[Date "2022.03.06"]
[Round "9.3"]
[White "Dittrich, Tom"]
[Black "Dittmar, Peter"]
[Result "0-1"]
[WhiteElo "1975"]
[BlackElo "2230"]
[PlyCount "80"]
[EventDate "2021.10.10"]
[EventType "team-tourn"]
[EventRounds "11"]
[EventCountry "GER"]
[SourceTitle "EXT 2023"]
[Source "ChessBase"]
[SourceDate "2022.10.05"]
[SourceVersion "1"]
[SourceVersionDate "2022.10.05"]
[SourceQuality "1"]
[WhiteTeam "Stadtilm Blau Weiss"]
[BlackTeam "Moerlenbach Birkenau"]
[WhiteTeamCountry "GER"]
[BlackTeamCountry "GER"]

1. e4 e6 2. d4 d5 3. Nc3 Be7 4. exd5 exd5 5. Bd3 Nf6 6. Nge2 Bg4 7. f3 Bh5 8. Ng3 Bg6 9. Nf5 0-0 10. 0-0 Bxf5 11. Bxf5 c5 12. Ne2 Nc6 13. Kh1 Qb6 14. c3 Rfe8 15. Be3 cxd4 16. Nxd4 Bc5 17. Bg1 g6 18. Bh3 Bxd4 19. Bxd4 Nxd4 20. Qxd4 Qxd4 21. cxd4 Re2 22. b4 Rae8 23. Kg1 Rd2 24. Rf2 Rxd4 25. Rb2 Re7 26. Rc1 Rc4 27. Rd1 Rec7 28. Kf2 Rc2+ 29. Rd2 Rxd2+ 30. Rxd2 Rc4 31. Rb2 Kf8 32. Ke3 Ke7 33. Kd3 Kd6 34. a3 Ne8 35. g3 Nc7 36. a4 Na6 37. b5 Nc5+ 38. Ke2 Nxa4 39. Rd2 Nc3+ 40. Kf2 Rb4 0-1

[Event "Oberliga Ost-B 1920"]
[Site "Germany"]
[Date "2021.07.17"]
[Round "10.5"]
[White "Kersten, Uwe"]
[Black "Dittrich, Tom"]
[Result "1-0"]
[WhiteElo "2252"]
[BlackElo "1900"]
[PlyCount "87"]
[EventDate "2019.09.29"]
[EventType "team-tourn"]
[EventRounds "11"]
[EventCountry "GER"]
[SourceTitle "EXT 2023"]
[Source "ChessBase"]
[SourceDate "2022.10.05"]
[SourceVersion "1"]
[SourceVersionDate "2022.10.05"]
[SourceQuality "1"]
[WhiteTeam "Bad Emstal/Wolfhagen"]
[BlackTeam "Stadtilm Blau Weiss"]
[WhiteTeamCountry "GER"]
[BlackTeamCountry "GER"]

1. e4 c5 2. Nf3 d6 3. Bb5+ Bd7 4. Bxd7+ Qxd7 5. c4 e5 6. Nc3 g6 7. 0-0 Bg7 8. Rb1 Nc6 9. a3 a5 10. Nd5 Ra6 11. b4 axb4 12. axb4 cxb4 13. d3 Nge7 14. Nxb4 Nxb4 15. Rxb4 Nc6 16. Rb5 0-0 17. Qb3 Na5 18. Qa2 Rfa8 19. Qb1 f5 20. exf5 gxf5 21. Bd2 Qc6 22. Nh4 Qc8 23. h3 Bf6 24. Nf3 Qc6 25. Bg5 Bxg5 26. Nxg5 h6 27. Nf3 Qc8 28. Qc1 Qe6 29. Qe3 Qf6 30. Rfb1 Re8 31. Rb6 Rxb6 32. Rxb6 Re7 33. Qd2 Nc6 34. Qb2 Qf7 35. Nd2 e4 36. dxe4 fxe4 37. Nf1 Qxc4 38. Ne3 Qf7 39. Ng4 Kh7 40. Rb5 h5 41. Rxh5+ Qxh5 42. Nf6+ Kg6 43. Nxh5 Kxh5 44. Qf6 1-0

[Event "Erfurt op-A 29th"]
[Site "Erfurt"]
[Date "2019.12.29"]
[Round "7"]
[White "Dittrich, Tom"]
[Black "Kurze, Christoph"]
[Result "1/2-1/2"]
[WhiteElo "1915"]
[BlackElo "2016"]
[PlyCount "78"]
[EventDate "2019.12.26"]
[EventType "swiss"]
[EventRounds "8"]
[EventCountry "GER"]
[SourceTitle "CBM 194 Extra"]
[Source "ChessBase"]
[SourceDate "2020.03.31"]
[SourceVersion "1"]
[SourceVersionDate "2020.03.31"]
[SourceQuality "1"]

1. e4 c5 2. Nf3 d6 3. d4 cxd4 4. Nxd4 Nf6 5. f3 e5 6. Nb3 d5 7. exd5 Qxd5 8. Nc3 Qxd1+ 9. Nxd1 Nc6 10. Bc4 Bd6 11. 0-0 0-0 12. Bg5 Bc7 13. Nf2 h6 14. Be3 Bf5 15. c3 Rfe8 16. Rad1 Na5 17. Nxa5 Bxa5 18. Bd3 Nd5 19. Bc1 Be6 20. Rfe1 f6 21. Ne4 Bb6+ 22. Kh1 Rad8 23. Bb5 Re7 24. Ba4 f5 25. Ng3 Bc7 26. c4 Nb6 27. Rxd8+ Bxd8 28. Bc2 f4 29. c5 fxg3 30. cxb6 Bxb6 31. Rxe5 Bc7 32. Rxe6 Rxe6 33. Bb3 Kf7 34. hxg3 Bxg3 35. Kg1 Ke7 36. Bxe6 Kxe6 37. Kf1 Kd5 38. Ke2 a6 39. Kd3 h5 1/2-1/2

[Event "Erfurt op-A 29th"]
[Site "Erfurt"]
[Date "2019.12.28"]
[Round "4"]
[White "Dittrich, Tom"]
[Black "Chassard, Cedric"]
[Result "0-1"]
[WhiteElo "1915"]
[BlackElo "2049"]
[PlyCount "68"]
[EventDate "2019.12.26"]
[EventType "swiss"]
[EventRounds "8"]
[EventCountry "GER"]
[SourceTitle "CBM 194 Extra"]
[Source "ChessBase"]
[SourceDate "2020.03.31"]
[SourceVersion "1"]
[SourceVersionDate "2020.03.31"]
[SourceQuality "1"]

1. e4 e5 2. Nf3 Nc6 3. Bc4 Bc5 4. c3 Nf6 5. d3 0-0 6. b4 Bb6 7. a4 a6 8. Qb3 d6 9. 0-0 Bg4 10. Nbd2 Nh5 11. h3 Bd7 12. Kh2 Nf4 13. Nb1 Qf6 14. Qd1 Kh8 15. Bxf4 Qxf4+ 16. g3 Qh6 17. Nh4 Ne7 18. Qd2 Qh5 19. Bb3 g5 20. Bd1 Qh6 21. Nf5 Nxf5 22. exf5 Bxf5 23. h4 Rg8 24. h5 Qe6 25. Bf3 c6 26. Na3 Bh3 27. Nc4 Bd8 28. Rfe1 g4 29. Bg2 Bxg2 30. Kxg2 Qd5+ 31. Re4 f5 32. Ne3 Qe6 33. Rc4 d5 34. Rc5 b6 0-1

[Event "Oberliga Ost-B 1920"]
[Site "Germany"]
[Date "2019.12.08"]
[Round "5.8"]
[White "Neininger, Ralph"]
[Black "Dittrich, Tom"]
[Result "1/2-1/2"]
[WhiteElo "2119"]
[BlackElo "1900"]
[PlyCount "87"]
[EventDate "2019.09.29"]
[EventType "team-tourn"]
[EventRounds "11"]
[EventCountry "GER"]
[SourceTitle "EXT 2021"]
[Source "ChessBase"]
[SourceDate "2020.10.23"]
[SourceVersion "1"]
[SourceVersionDate "2020.10.23"]
[SourceQuality "1"]
[WhiteTeam "Oberursel"]
[BlackTeam "Stadtilm Blau Weiss"]
[WhiteTeamCountry "GER"]
[BlackTeamCountry "GER"]

1. d4 Nf6 2. c4 g6 3. Nc3 Bg7 4. e4 d6 5. h3 0-0 6. Be3 Na6 7. Nf3 e5 8. d5 Nh5 9. g3 f5 10. exf5 gxf5 11. Nxe5 Nxg3 12. fxg3 Bxe5 13. Rg1 Nc5 14. Qd2 a5 15. 0-0-0 Bd7 16. Bd3 Qf6 17. Bc2 a4 18. Bd4 b6 19. Rgf1 a3 20. b3 Rae8 21. Bxe5 dxe5 22. Ne4 Nxe4 23. Bxe4 Qd6 24. Bc2 b5 25. Qc3 bxc4 26. Qxc4 Rb8 27. Rfe1 Bb5 28. Qc3 Rbe8 29. g4 f4 30. Bf5 Bd7 31. Bxd7 Qxd7 32. Re4 f3 33. Qc4 Qd6 34. Rf1 Rd8 35. Re3 Qxd5 36. Qxd5+ Rxd5 37. Rfxf3 Rfd8 38. Kc2 Rd2+ 39. Kc3 Rxa2 40. Rxe5 Rg2 41. Rg5+ Kh8 42. Ra5 a2 43. Rf7 Rg3+ 44. Kc4 1/2-1/2

[Event "Oberliga Ost-B 1920"]
[Site "Germany"]
[Date "2019.09.29"]
[Round "1.8"]
[White "Dittrich, Tom"]
[Black "Schmuck, Helmut"]
[Result "1/2-1/2"]
[WhiteElo "1900"]
[BlackElo "2112"]
[PlyCount "20"]
[EventDate "2019.09.29"]
[EventType "team-tourn"]
[EventRounds "11"]
[EventCountry "GER"]
[SourceTitle "EXT 2021"]
[Source "ChessBase"]
[SourceDate "2020.10.23"]
[SourceVersion "1"]
[SourceVersionDate "2020.10.23"]
[SourceQuality "1"]
[WhiteTeam "Stadtilm Blau Weiss"]
[BlackTeam "Erfurt Empor"]
[WhiteTeamCountry "GER"]
[BlackTeamCountry "GER"]

1. e4 c5 2. Nf3 Nc6 3. d4 cxd4 4. Nxd4 Nf6 5. Nc3 g6 6. Be3 Bg7 7. Bc4 0-0 8. Bb3 a6 9. f3 Nxd4 10. Bxd4 d6 1/2-1/2

[Event "Berlin Lichtenberger op 18th"]
[Site "Berlin"]
[Date "2019.08.23"]
[Round "7"]
[White "Heuser, Philip"]
[Black "Dittrich, Tom"]
[Result "1-0"]
[WhiteElo "2064"]
[BlackElo "1923"]
[PlyCount "149"]
[EventDate "2019.08.17"]
[EventType "swiss"]
[EventRounds "9"]
[EventCountry "GER"]
[SourceTitle "EXT 2020"]
[Source "ChessBase"]
[SourceDate "2019.10.17"]
[SourceVersion "1"]
[SourceVersionDate "2019.10.17"]
[SourceQuality "1"]

1. d4 Nf6 2. Bg5 e6 3. Nf3 h6 4. Bh4 Be7 5. e3 d5 6. c4 0-0 7. Nc3 c6 8. Bd3 dxc4 9. Bxc4 Nd5 10. Bg3 Nd7 11. 0-0 N7f6 12. Qd3 a5 13. Ne5 Nh5 14. Rac1 Bf6 15. Rfd1 Nxg3 16. hxg3 Bxe5 17. dxe5 Qg5 18. Qd4 b5 19. Be2 Bb7 20. Ne4 Qe7 21. Nd6 f6 22. Bf3 Rad8 23. Nxb7 Qxb7 24. exf6 Nxf6 25. Qxd8 Rxd8 26. Rxd8+ Kf7 27. Bxc6 Qe7 28. Rdd1 Qb4 29. b3 a4 30. bxa4 bxa4 31. Rc2 Nd5 32. Bxd5 exd5 33. Rcd2 Qc4 34. g4 a3 35. g3 Ke6 36. Kg2 Qe4+ 37. Kg1 Qc4 38. Kh2 Kf6 39. Kg2 Qe4+ 40. Kg1 Qc4 41. Rxd5 Qxa2 42. Ra5 Qe2 43. Rd6+ Ke7 44. Rda6 Qxg4 45. Re5+ Kf7 46. Rxa3 h5 47. Rd3 Kf6 48. Rd4 Qe2 49. Rc5 g5 50. Kg2 Qb2 51. Rdd5 Qb7 52. Kh2 Qb2 53. Rf5+ Ke6 54. Rce5+ Kd6 55. Kg2 h4 56. Rd5+ Ke6 57. Rde5+ Kd6 58. gxh4 gxh4 59. Re4 Qg7+ 60. Kh3 Qg1 61. Rxh4 Qh1+ 62. Kg4 Qg2+ 63. Kh5 Qg7 64. Rhf4 Qh8+ 65. Kg4 Qh2 66. Rf6+ Ke7 67. R6f5 Qg2+ 68. Kh5 Qh3+ 69. Kg6 Qg2+ 70. Rg5 Qc6+ 71. Kg7 Qc3+ 72. Rd4 Ke6 73. f4 Qc7+ 74. Kh6 Kf6 75. Rd6+ 1-0

[Event "Berlin Lichtenberger op 18th"]
[Site "Berlin"]
[Date "2019.08.22"]
[Round "6"]
[White "Dittrich, Tom"]
[Black "Schulz, Hartmut"]
[Result "1/2-1/2"]
[WhiteElo "1923"]
[BlackElo "2064"]
[PlyCount "22"]
[EventDate "2019.08.17"]
[EventType "swiss"]
[EventRounds "9"]
[EventCountry "GER"]
[SourceTitle "EXT 2020"]
[Source "ChessBase"]
[SourceDate "2019.10.17"]
[SourceVersion "1"]
[SourceVersionDate "2019.10.17"]
[SourceQuality "1"]

1. e4 c6 2. d4 d5 3. Nc3 dxe4 4. Nxe4 Bf5 5. Ng3 Bg6 6. h4 h6 7. Nf3 Nd7 8. h5 Bh7 9. Bd3 Bxd3 10. Qxd3 Ngf6 11. Bf4 e6 1/2-1/2

[Event "Berlin Lichtenberger op 18th"]
[Site "Berlin"]
[Date "2019.08.21"]
[Round "5"]
[White "Sieglen, Joachim"]
[Black "Dittrich, Tom"]
[Result "0-1"]
[WhiteElo "2218"]
[BlackElo "1923"]
[PlyCount "62"]
[EventDate "2019.08.17"]
[EventType "swiss"]
[EventRounds "9"]
[EventCountry "GER"]
[SourceTitle "EXT 2020"]
[Source "ChessBase"]
[SourceDate "2019.10.17"]
[SourceVersion "1"]
[SourceVersionDate "2019.10.17"]
[SourceQuality "1"]

1. d4 Nf6 2. c4 g6 3. Nc3 Bg7 4. e4 d6 5. Nf3 0-0 6. Be2 e5 7. 0-0 Nc6 8. d5 Ne7 9. b4 Ne8 10. c5 f5 11. Nd2 Nf6 12. f3 f4 13. a4 g5 14. Ba3 Ng6 15. Nc4 h5 16. b5 dxc5 17. Bxc5 Rf7 18. a5 g4 19. Bf2 g3 20. hxg3 fxg3 21. Bxg3 h4 22. Bh2 Nh5 23. Rf2 Qg5 24. Bd3 Ngf4 25. Bxf4 Nxf4 26. Kf1 h3 27. g4 Qh4 28. Raa2 Nxd3 29. Qxd3 Bxg4 30. Ne3 h2 31. Rxh2 Rxf3+ 0-1

[Event "Berlin Lichtenberger op 18th"]
[Site "Berlin"]
[Date "2019.08.18"]
[Round "2"]
[White "Dittrich, Tom"]
[Black "Massa, Pietro"]
[Result "1/2-1/2"]
[WhiteElo "1923"]
[BlackElo "1677"]
[PlyCount "41"]
[EventDate "2019.08.17"]
[EventType "swiss"]
[EventRounds "9"]
[EventCountry "GER"]
[SourceTitle "EXT 2020"]
[Source "ChessBase"]
[SourceDate "2019.10.17"]
[SourceVersion "1"]
[SourceVersionDate "2019.10.17"]
[SourceQuality "1"]

1. e4 c6 2. d4 d5 3. Nc3 dxe4 4. Nxe4 Nd7 5. Nf3 Ngf6 6. Nxf6+ Nxf6 7. Bd3 Bg4 8. c3 e6 9. h3 Bh5 10. Bg5 Be7 11. g4 Bg6 12. Qc2 Qd5 13. Ke2 Bxd3+ 14. Qxd3 0-0 15. Rhd1 Rad8 16. Qe3 Qb5+ 17. Ke1 Nd5 18. Qd3 Qxd3 19. Rxd3 f6 20. Be3 Kf7 21. Rad1 1/2-1/2

[Event "Berlin Lichtenberger op 16th"]
[Site "Berlin"]
[Date "2017.08.26"]
[Round "8"]
[White "Dittrich, Tom"]
[Black "Doering, Martin"]
[Result "1/2-1/2"]
[WhiteElo "1943"]
[BlackElo "1758"]
[PlyCount "44"]
[EventDate "2017.08.19"]
[EventType "swiss"]
[EventRounds "9"]
[EventCountry "GER"]
[SourceTitle "CBM 180 Extra"]
[Source "ChessBase"]
[SourceDate "2017.10.06"]
[SourceVersion "1"]
[SourceVersionDate "2017.10.06"]
[SourceQuality "1"]

1. e4 d5 2. exd5 Nf6 3. Be2 Nxd5 4. d4 Bf5 5. Nf3 e6 6. 0-0 Nd7 7. a3 c6 8. c4 N5f6 9. Nc3 Bd6 10. Re1 0-0 11. Nh4 Bg6 12. Nxg6 hxg6 13. Bd3 Rc8 14. Qf3 Qa5 15. c5 Bb8 16. b4 Qc7 17. Qh3 Rce8 18. Ne4 Nxe4 19. Rxe4 f5 20. Re1 Nf6 21. Bc4 Nd5 22. Qg3 Qxg3 1/2-1/2

[Event "Helsingor Xtracon op"]
[Site "Helsingor"]
[Date "2017.07.29"]
[Round "9"]
[White "Nielsen, Palle"]
[Black "Dittrich, Tom"]
[Result "1/2-1/2"]
[WhiteElo "1715"]
[BlackElo "1943"]
[PlyCount "39"]
[EventDate "2017.07.22"]
[EventType "swiss"]
[EventRounds "10"]
[EventCountry "DEN"]
[SourceTitle "CBM 179 Extra"]
[Source "ChessBase"]
[SourceDate "2017.08.23"]
[SourceVersion "1"]
[SourceVersionDate "2017.08.23"]
[SourceQuality "1"]

1. Nf3 Nf6 2. c4 g6 3. Nc3 Bg7 4. e4 d6 5. d4 0-0 6. h3 c5 7. Be3 cxd4 8. Nxd4 Nc6 9. Be2 Nxd4 10. Bxd4 Bd7 11. 0-0 Bc6 12. f3 Nh5 13. Bxg7 Nxg7 14. Kh2 Ne6 15. Qd2 Qc7 16. Nd5 Qd7 17. Rad1 Rfd8 18. g4 Bxd5 19. cxd5 Ng7 20. Rc1 1/2-1/2

[Event "Helsingor Xtracon op"]
[Site "Helsingor"]
[Date "2017.07.28"]
[Round "8"]
[White "Dittrich, Tom"]
[Black "Dittrich, Hans Georg"]
[Result "1-0"]
[WhiteElo "1943"]
[BlackElo "1742"]
[PlyCount "49"]
[EventDate "2017.07.22"]
[EventType "swiss"]
[EventRounds "10"]
[EventCountry "DEN"]
[SourceTitle "CBM 179 Extra"]
[Source "ChessBase"]
[SourceDate "2017.08.23"]
[SourceVersion "1"]
[SourceVersionDate "2017.08.23"]
[SourceQuality "1"]

1. e4 e5 2. f4 d5 3. exd5 e4 4. d3 Nf6 5. dxe4 Nxe4 6. Nf3 Bc5 7. Qe2 0-0 8. Qxe4 Re8 9. Ne5 f6 10. Bd3 g6 11. Nc3 fxe5 12. fxe5 Bf5 13. Qf4 Bxd3 14. cxd3 Rf8 15. Qe4 Nd7 16. d4 Bb4 17. Bh6 Nf6 18. exf6 Re8 19. f7+ Kxf7 20. 0-0+ Kg8 21. Qf3 Qe7 22. d6 Bxd6 23. Nd5 Bxh2+ 24. Kh1 Qh4 25. Qf7+ 1-0

[Event "Helsingor Xtracon op"]
[Site "Helsingor"]
[Date "2017.07.23"]
[Round "2"]
[White "Dittrich, Tom"]
[Black "Moe, Mogens"]
[Result "0-1"]
[WhiteElo "1943"]
[BlackElo "2188"]
[PlyCount "50"]
[EventDate "2017.07.22"]
[EventType "swiss"]
[EventRounds "10"]
[EventCountry "DEN"]
[SourceTitle "CBM 179 Extra"]
[Source "ChessBase"]
[SourceDate "2017.08.23"]
[SourceVersion "1"]
[SourceVersionDate "2017.08.23"]
[SourceQuality "1"]

1. e4 c5 2. Nf3 e6 3. d4 cxd4 4. Nxd4 Nc6 5. Nc3 Qc7 6. Be3 a6 7. Qf3 Nf6 8. 0-0-0 b5 9. e5 Ng8 10. Nf5 Qxe5 11. g4 f6 12. Bf4 Qc5 13. Ne4 Qa7 14. Ned6+ Bxd6 15. Nxd6+ Kf8 16. g5 f5 17. Nxf5 exf5 18. Bd6+ Nge7 19. Qxf5+ Ke8 20. Re1 Rf8 21. Qe4 Rf7 22. Qxh7 Qd4 23. Qg6 Qxf2 24. Bc4 bxc4 25. Rhf1 Qxf1 0-1

[Event "Helsingor Xtracon op"]
[Site "Helsingor"]
[Date "2017.07.23"]
[Round "3"]
[White "Henriksen, Morgan"]
[Black "Dittrich, Tom"]
[Result "1-0"]
[WhiteElo "1632"]
[BlackElo "1943"]
[PlyCount "63"]
[EventDate "2017.07.22"]
[EventType "swiss"]
[EventRounds "10"]
[EventCountry "DEN"]
[SourceTitle "CBM 179 Extra"]
[Source "ChessBase"]
[SourceDate "2017.08.23"]
[SourceVersion "1"]
[SourceVersionDate "2017.08.23"]
[SourceQuality "1"]

1. d4 Nf6 2. c4 g6 3. Nc3 Bg7 4. e4 d6 5. Nf3 0-0 6. Be2 Na6 7. h3 e5 8. Bg5 h6 9. Bh4 Qe8 10. d5 Nc5 11. Bxf6 Bxf6 12. Qc2 Bg7 13. g4 c6 14. 0-0-0 Qe7 15. Nd2 Bd7 16. Nb3 Nxb3+ 17. Qxb3 Rab8 18. Qa3 b5 19. Qa5 Rfc8 20. dxc6 Bxc6 21. cxb5 Bxe4 22. f3 Ba8 23. Kb1 d5 24. Nxd5 Qc5 25. Nc3 e4 26. Rhf1 Bxc3 27. bxc3 Qxc3 28. Rd8+ Kh7 29. Qxc3 Rxb5+ 30. Bxb5 Rxc3 31. Rxa8 exf3 32. Rxa7 1-0

[Event "Helsingor Xtracon op"]
[Site "Helsingor"]
[Date "2016.07.29"]
[Round "8"]
[White "Arndt, Uwe"]
[Black "Dittrich, Tom"]
[Result "0-1"]
[WhiteElo "2023"]
[BlackElo "1864"]
[PlyCount "102"]
[EventDate "2016.07.23"]
[EventType "swiss"]
[EventRounds "10"]
[EventCountry "DEN"]
[SourceTitle "CBM 173 Extra"]
[Source "ChessBase"]
[SourceDate "2016.08.29"]
[SourceVersion "1"]
[SourceVersionDate "2016.08.29"]
[SourceQuality "1"]

1. d4 Nf6 2. c4 g6 3. Nc3 Bg7 4. e4 d6 5. Nf3 0-0 6. Be2 Na6 7. 0-0 e5 8. Be3 Ng4 9. Bg5 f6 10. Bd2 Nh6 11. a3 exd4 12. Nxd4 Nc5 13. b4 Ne6 14. Be3 f5 15. Nxe6 Bxe6 16. Bd4 f4 17. Bxg7 Kxg7 18. Qd4+ Kg8 19. Rad1 f3 20. Bxf3 Rxf3 21. gxf3 Bh3 22. Qd5+ Kh8 23. Rfe1 Nf7 24. f4 Qh4 25. Qd4+ Kg8 26. Qe3 Bg4 27. Rd3 g5 28. Qg3 Qh5 29. Nd5 Kg7 30. Rb3 c6 31. Qc3+ Kf8 32. Nf6 Qh4 33. Qg3 Be6 34. Qxh4 gxh4 35. Nxh7+ Ke7 36. Rc1 Rg8+ 37. Ng5 Nxg5 38. fxg5 Rxg5+ 39. Kh1 b5 40. f4 Rg4 41. Rf3 bxc4 42. Rg1 d5 43. Rxg4 Bxg4 44. Rf2 d4 45. Rd2 d3 46. Kg2 Be2 47. Kf2 c3 48. Rxe2 c2 49. Rd2 c1Q 50. Rxd3 Qxf4+ 51. Rf3 Qxh2+ 0-1

[Event "Helsingor Xtracon op"]
[Site "Helsingor"]
[Date "2016.07.25"]
[Round "4"]
[White "Nielsen, Hogni Egilstoft"]
[Black "Dittrich, Tom"]
[Result "1-0"]
[WhiteElo "2301"]
[BlackElo "1864"]
[PlyCount "45"]
[EventDate "2016.07.23"]
[EventType "swiss"]
[EventRounds "10"]
[EventCountry "DEN"]
[SourceTitle "CBM 173 Extra"]
[Source "ChessBase"]
[SourceDate "2016.08.29"]
[SourceVersion "1"]
[SourceVersionDate "2016.08.29"]
[SourceQuality "1"]

1. e4 c5 2. Nf3 d6 3. Bb5+ Nd7 4. d4 cxd4 5. Qxd4 a6 6. Bxd7+ Bxd7 7. c4 Nf6 8. Bg5 e6 9. Nc3 h6 10. Bh4 Bc6 11. 0-0 Be7 12. Rfd1 0-0 13. Bg3 e5 14. Qe3 Qc8 15. h3 b5 16. cxb5 axb5 17. Bh4 g5 18. Rac1 Qb7 19. Nxg5 hxg5 20. Qxg5+ Kh8 21. Rxd6 Bxd6 22. Qh6+ Nh7 23. Bf6+ 1-0

[Event "Berlin Lichtenberger op 14th"]
[Site "Berlin"]
[Date "2015.08.20"]
[Round "6"]
[White "Guenther, Thomas"]
[Black "Dittrich, Tom"]
[Result "1/2-1/2"]
[WhiteElo "2081"]
[BlackElo "1813"]
[PlyCount "68"]
[EventDate "2015.08.15"]
[EventType "swiss"]
[EventRounds "9"]
[EventCountry "GER"]
[SourceTitle "EXT 2016"]
[Source "ChessBase"]
[SourceDate "2015.10.08"]
[SourceVersion "1"]
[SourceVersionDate "2015.10.08"]
[SourceQuality "1"]

1. d4 Nf6 2. Nf3 g6 3. b3 Bg7 4. Bb2 0-0 5. e3 d6 6. h3 Nbd7 7. Nbd2 Re8 8. c4 e5 9. d5 e4 10. Nd4 Nf8 11. Qc2 a6 12. g4 Qe7 13. Bg2 h6 14. 0-0-0 N8d7 15. Rdg1 Nc5 16. Bf1 a5 17. Kb1 Bd7 18. Qd1 a4 19. b4 a3 20. Ba1 Ba4 21. N2b3 Nxb3 22. axb3 Bd7 23. Ka2 c5 24. bxc5 dxc5 25. Nb5 Bxb5 26. cxb5 Red8 27. Bc4 Qd6 28. Qc2 Nxd5 29. Bxd5 Qxd5 30. Rd1 Qe6 31. Bxg7 Kxg7 32. Rxd8 Rxd8 33. Rd1 Rxd1 34. Qxd1 b6 1/2-1/2

[Event "Berlin Lichtenberger op 14th"]
[Site "Berlin"]
[Date "2015.08.18"]
[Round "4"]
[White "Prix, Siegfried"]
[Black "Dittrich, Tom"]
[Result "0-1"]
[WhiteElo "1715"]
[BlackElo "1813"]
[PlyCount "48"]
[EventDate "2015.08.15"]
[EventType "swiss"]
[EventRounds "9"]
[EventCountry "GER"]
[SourceTitle "EXT 2016"]
[Source "ChessBase"]
[SourceDate "2015.10.08"]
[SourceVersion "1"]
[SourceVersionDate "2015.10.08"]
[SourceQuality "1"]

1. e4 c5 2. c4 Nc6 3. Nf3 e5 4. d3 g6 5. Nc3 Bg7 6. b3 Nge7 7. a3 a5 8. Be3 d6 9. Rb1 0-0 10. Be2 f5 11. 0-0 h6 12. g3 f4 13. Bd2 g5 14. Ne1 Bh3 15. Ng2 Qd7 16. g4 f3 17. Bxf3 Nd4 18. Be2 Nxe2+ 19. Nxe2 Bxg4 20. Qe1 Bf3 21. Kh1 Qh3 22. Rg1 Ng6 23. Ng3 Nh4 24. Qf1 Bxe4 0-1

[Event "Berlin Lichtenberger op 14th"]
[Site "Berlin"]
[Date "2015.08.15"]
[Round "1"]
[White "Dittrich, Tom"]
[Black "Von Herman, Ulf"]
[Result "0-1"]
[WhiteElo "1813"]
[BlackElo "2375"]
[PlyCount "88"]
[EventDate "2015.08.15"]
[EventType "swiss"]
[EventRounds "9"]
[EventCountry "GER"]
[SourceTitle "EXT 2016"]
[Source "ChessBase"]
[SourceDate "2015.10.08"]
[SourceVersion "1"]
[SourceVersionDate "2015.10.08"]
[SourceQuality "1"]

1. e4 e6 2. d4 d5 3. Nc3 Bb4 4. e5 Ne7 5. a3 Bxc3+ 6. bxc3 b6 7. Qg4 Ng6 8. Bd3 Ba6 9. Bxa6 Nxa6 10. Ne2 Nb8 11. h4 h5 12. Qg3 Nc6 13. Bg5 Nce7 14. Nf4 Nxf4 15. Qxf4 Rc8 16. Qd2 c5 17. Rh3 Qc7 18. Bxe7 Qxe7 19. Ra2 cxd4 20. cxd4 Rc4 21. Rb2 0-0 22. Qe2 Rxd4 23. Qxh5 Re4+ 24. Kf1 Qc7 25. Rg3 Qxe5 26. Qxe5 Rxe5 27. Rc3 d4 28. Rc7 Ra5 29. Rb3 f6 30. h5 Rf7 31. Rc8+ Kh7 32. g4 Rg5 33. f3 e5 34. Kg2 e4 35. Kg3 exf3 36. Rxf3 Rd7 37. Re8 Rdd5 38. Kf4 Rc5 39. Re2 Rc4 40. Rd3 Ra5 41. Red2 Rc3 42. Rxd4 Rcxa3 43. Rd5 R5a4+ 44. Kf5 Rf3+ 0-1

[Event "Karl Mala Memorial op-A 17th"]
[Site "Frankfurt"]
[Date "2014.08.03"]
[Round "7"]
[White "Dittrich, Tom"]
[Black "Vaintroub, Maximilian"]
[Result "0-1"]
[WhiteElo "1677"]
[BlackElo "1734"]
[PlyCount "34"]
[EventDate "2014.07.31"]
[EventType "swiss"]
[EventRounds "7"]
[EventCountry "GER"]
[SourceTitle "EXT 2015"]
[Source "ChessBase"]
[SourceDate "2014.11.20"]
[SourceVersion "1"]
[SourceVersionDate "2014.11.20"]
[SourceQuality "1"]

1. e4 c5 2. Nf3 Nc6 3. d4 cxd4 4. Nxd4 g6 5. Nc3 Bg7 6. Be3 Nf6 7. f3 0-0 8. Qd2 d5 9. exd5 Nxd5 10. Nxc6 bxc6 11. 0-0-0 Bb7 12. Bd4 Nxc3 13. Qxc3 Bxd4 14. Rxd4 Qc7 15. h4 Rad8 16. Rxd8 Rxd8 17. h5 Qf4+ 0-1

[Event "Karl Mala Memorial op-A 17th"]
[Site "Frankfurt"]
[Date "2014.08.02"]
[Round "4"]
[White "Bogucanin, Mirsad"]
[Black "Dittrich, Tom"]
[Result "1/2-1/2"]
[WhiteElo "1906"]
[BlackElo "1677"]
[PlyCount "54"]
[EventDate "2014.07.31"]
[EventType "swiss"]
[EventRounds "7"]
[EventCountry "GER"]
[SourceTitle "EXT 2015"]
[Source "ChessBase"]
[SourceDate "2014.11.20"]
[SourceVersion "1"]
[SourceVersionDate "2014.11.20"]
[SourceQuality "1"]

1. e4 c5 2. Nf3 d6 3. d4 cxd4 4. Nxd4 Nf6 5. Nc3 a6 6. Be3 e5 7. Nb3 Be7 8. f3 Be6 9. Qd2 Nbd7 10. 0-0-0 0-0 11. g4 a5 12. Bb5 Nb6 13. Kb1 Nc4 14. Bxc4 Bxc4 15. g5 Nd7 16. f4 a4 17. Nc1 b5 18. f5 b4 19. Nd5 Bxd5 20. Qxd5 a3 21. Rhg1 axb2 22. Kxb2 Qc7 23. Rd3 Ra5 24. Qb3 Ra3 25. Qd5 Ra5 26. Qb3 Ra3 27. Qd5 Ra5 1/2-1/2